000 00406nam a2200181Ia 4500
001 18438
005 20260306171630.0
008 260306s9999||||xx |||||||||||||| ||und||
041 _aESP
082 _a658.404
_bG44
100 _aGido, Jack
_eAUT
245 0 _aAdministración exitosa de proyectos
260 _c2012
300 _a
_c
650 _aGEN
654 _aCAN
942 _cLIB
_dJUS
_fJUS
_2ddc
_n
999 _c18438
_d18438